| 000 | 00644nam a22002297a 4500 | ||
|---|---|---|---|
| 003 | BD-DhJNU | ||
| 005 | 20241223072028.0 | ||
| 008 | 241223b |||||||| |||| 00| 0 eng d | ||
| 020 | _a9780702042935 | ||
| 020 | _a9780702042942 | ||
| 040 |
_aBD-DhJNU _beng _cBD-DhJNU _dBD-DhJNU |
||
| 082 |
_223 _a615.58 |
||
| 100 | _aWalker, Roger | ||
| 245 |
_aClinical pharmacy and therapeutics / _c Roger Walker, Cate Whittlesea |
||
| 250 | _a5th ed. | ||
| 260 |
_aLondon : _bChurchill Livingstone, _c2012. |
||
| 300 |
_axiii, 983 p. : _c25 cm. |
||
| 504 | _aincludes index | ||
| 650 | _aPharmacy | ||
| 700 | _aWhittlesea, Cate | ||
| 942 |
_2ddc _cBK _n0 |
||
| 999 |
_c1021 _d1021 |
||